| 000 | 01106cam a22003377a 4500 | ||
|---|---|---|---|
| 003 | CHAP | ||
| 005 | 20220329141437.0 | ||
| 008 | 971013s1987 r 00010 d | ||
| 010 | _a68225 | ||
| 011 | _a69197 | ||
| 035 | _a78672 | ||
| 040 | _cCHAP | ||
| 090 | _aFolleto 11518 | ||
| 100 | 0 | 0 |
_aHale, Mason E., Jr. _952279 |
| 245 | 1 | 2 | _aA monograph of the lichen genus Parmeliacea ascharius sensu stricto (Ascomycotina : Parmeliaceae) |
| 260 |
_aWashington : _bSmitsonian Institution, _c1987 |
||
| 300 |
_a55 p. _b: ilus. |
||
| 490 | 0 |
_aSmithsonian contributions to botany _v; 66 |
|
| 500 | _a27-108 | ||
| 590 |
_aBATCH-UPD _b10 _c20130110 _lUCH01 _h0255 |
||
| 590 |
_aBATCH-UPD _b10 _c20130110 _lUCH01 _h1856 |
||
| 590 |
_aBATCH-UPD _b10 _c20130410 _lUCH01 _h1505 |
||
| 590 |
_aBATCH-UPD _b10 _c20130914 _lUCH01 _h1643 |
||
| 590 |
_aCONVERSION _b10 _c20130109 _lUCH01 _h1337 |
||
| 650 | 1 | 4 |
_aLĂquenes. _967489 |
| 650 | 1 | 4 |
_aParmeliaceas. _985646 |
| 830 | 0 |
_aSmithsonian contributions to botany _v; 66 _9107168 |
|
| 901 | _aBK | ||
| 942 | _cFOLL | ||
| 949 |
_aFolleto 11518 _bBC _cFOLL _d-31546 _eTS1 _i78672 _si |
||
| 999 |
_c68225 _d68225 |
||